[Event "Hastings Masters"]
[Site "Hastings"]
[Date "2007.12.31"]
[Round "4.1"]
[White "Chatalbashev, Boris"]
[Black "Bindrich, Falko"]
[Result "1/2-1/2"]
[WhiteElo "2581"]
[BlackElo "2512"]
[PlyCount "90"]
[EventDate "2007.12.28"]
[SourceDate "2007.12.28"]

1. d4 d5 2. c4 c6 3. Nf3 Nf6 4. e3 e6 5. Bd3 Nbd7 6. O-O Be7 7. Nc3 O-O 8. Qe2
b6 9. e4 dxe4 10. Nxe4 Bb7 11. Rd1 Qc7 12. Bg5 Rad8 13. b4 Bxb4 14. c5 bxc5 15.
Rab1 c4 16. Nxf6+ Nxf6 17. Bxh7+ Kxh7 18. Rxb4 Rd5 19. Rxc4 Nd7 20. Be7 Rh8 21.
Bh4 Re8 22. Rb1 Kg8 23. Bg3 Qc8 24. Ra4 a6 25. Rc4 Ba8 26. h4 Qd8 27. Ng5 Qf6
28. Rb3 Qg6 29. Bf4 c5 30. dxc5 Rxc5 31. Rbc3 Rxc4 32. Qxc4 Qb1+ 33. Kh2 Qf5
34. Rg3 Nf6 35. Be3 a5 36. Qc7 Rf8 37. Qc5 Bd5 38. f3 Nh5 39. Rg4 Qe5+ 40. Kg1
Qa1+ 41. Kh2 Qxa2 42. Ne4 Bxe4 43. fxe4 {(=)} f5 44. exf5 exf5 45. Rg5 Rf7
1/2-1/2

[Event "Hastings Masters"]
[Site "Hastings"]
[Date "2007.12.31"]
[Round "4.2"]
[White "Haslinger, Stewart"]
[Black "Georgiev, Vladimir"]
[Result "1/2-1/2"]
[WhiteElo "2502"]
[BlackElo "2576"]
[PlyCount "79"]
[EventDate "2007.12.28"]
[SourceDate "2007.12.28"]

1. e4 e5 2. Nf3 Nc6 3. d4 exd4 4. Nxd4 Bc5 5. Nxc6 Qf6 6. Qf3 dxc6 7. Bc4 Qxf3
8. gxf3 Ne7 9. Be3 Bd6 10. f4 Be6 11. Nd2 Bb4 12. c3 Ba5 13. Bd4 Rg8 14. Rg1
Bb6 15. Bxg7 Bxc4 16. Nxc4 f6 17. Ke2 Kf7 18. Bh6 Rxg1 19. Rxg1 Rg8 20. Rxg8
Nxg8 21. Bg5 fxg5 22. fxg5 Ne7 23. f4 Bg1 24. Ne5+ Ke6 25. Nf3 Bb6 26. h4 c5
27. h5 c6 28. Kf2 c4+ 29. Kg3 Be3 {(=)} 30. Ne5 Bc1 31. Nxc4 b5 32. f5+ Nxf5+
33. exf5+ Kxf5 34. g6 hxg6 35. hxg6 Kxg6 36. Ne5+ Kf5 37. Nxc6 Bxb2 38. Nxa7
Bxc3 39. Nxb5 Ba5 40. Kf3 1/2-1/2

[Event "Hastings Masters"]
[Site "Hastings"]
[Date "2007.12.31"]
[Round "4.5"]
[White "Gormally, Daniel"]
[Black "Conquest, Stuart"]
[Result "1/2-1/2"]
[WhiteElo "2484"]
[BlackElo "2540"]
[PlyCount "36"]
[EventDate "2007.12.28"]
[SourceDate "2007.12.28"]

1. d4 Nf6 2. Nf3 e6 3. Bg5 c5 4. c3 Be7 5. e3 b6 6. Nbd2 Bb7 7. Bd3 Nc6 8. O-O
cxd4 9. exd4 O-O 10. Re1 Nd5 11. Bxe7 Ncxe7 12. Bf1 Qc7 13. g3 Nf6 14. Bg2 d6
15. a4 a6 16. Nf1 h6 17. Ne3 Ned5 18. Qe2 Rac8 1/2-1/2

[Event "Hastings Masters"]
[Site "Hastings"]
[Date "2007.12.31"]
[Round "4.6"]
[White "Tahirov, Farhad"]
[Black "Sengupta, Deep"]
[Result "1/2-1/2"]
[WhiteElo "2540"]
[BlackElo "2447"]
[PlyCount "36"]
[EventDate "2007.12.28"]
[SourceDate "2007.12.28"]

1. d4 g6 2. Nf3 Bg7 3. e4 d6 4. Bc4 c6 5. Nc3 Nf6 6. O-O Nxe4 7. Bxf7+ Kxf7 8.
Nxe4 h6 9. Qd3 Nd7 10. Neg5+ hxg5 11. Nxg5+ Kg8 12. Qxg6 Rh6 13. Qf7+ Kh8 14.
Re1 e5 15. Qf5 Kg8 16. Qf7+ Kh8 17. Qf5 Kg8 18. Qf7+ Kh8 1/2-1/2

[Event "Hastings Masters"]
[Site "Hastings"]
[Date "2007.12.31"]
[Round "4.7"]
[White "Ledger, David"]
[Black "Pert, Nicholas"]
[Result "1/2-1/2"]
[WhiteElo "2266"]
[BlackElo "2539"]
[PlyCount "35"]
[EventDate "2007.12.28"]
[SourceDate "2007.12.28"]

1. e4 e6 2. d4 d5 3. Nc3 Bb4 4. Nge2 dxe4 5. a3 Be7 6. Nxe4 Nf6 7. Qd3 Nbd7 8.
Bf4 b6 9. N2c3 Bb7 10. Be2 Nxe4 11. Nxe4 Nf6 12. Bf3 Nxe4 13. Bxe4 Bxe4 14.
Qxe4 O-O 15. O-O-O Bg5 16. Kb1 Bxf4 17. Qxf4 Qd6 18. Qxd6 1/2-1/2

[Event "Hastings Masters"]
[Site "Hastings"]
[Date "2007.12.31"]
[Round "4.8"]
[White "Lock, Gavin R"]
[Black "Malakhatko, Vadim"]
[Result "0-1"]
[WhiteElo "2215"]
[BlackElo "2596"]
[PlyCount "100"]
[EventDate "2007.12.28"]
[SourceDate "2007.12.28"]

1. Nf3 Nf6 2. c4 e6 3. Nc3 d5 4. d4 c6 5. Bg5 Nbd7 6. e3 Qa5 7. Nd2 Bb4 8. Qc2
c5 9. Bxf6 Nxf6 10. Nb3 Qa4 11. dxc5 Ne4 12. cxd5 Nxc5 13. Be2 Bxc3+ 14. Qxc3
Nxb3 15. Qxb3 Qa5+ 16. Qc3 Qxc3+ 17. bxc3 exd5 18. c4 Be6 19. cxd5 Bxd5 20. O-O
Ke7 21. Rfd1 Rhd8 22. Rd2 Rac8 23. f3 Be6 24. Rb2 b6 25. Kf2 Rc5 26. Rd1 Ra5
27. Ra1 Ra3 28. Bd1 Rc8 29. e4 Rc5 30. Bc2 g5 31. Bb3 Bxb3 32. Rxb3 Rc2+ 33.
Kg3 Raxa2 34. Rxa2 Rxa2 35. Rb5 h6 36. Kh3 Ra1 37. Rb3 h5 38. g3 f6 39. Kg2 g4
40. Kf2 Ra2+ 41. Ke3 Rxh2 42. Ra3 a5 43. Rb3 a4 44. Rxb6 a3 45. e5 f5 46. Kd4
a2 47. Rb7+ Kd8 48. Ra7 Rd2+ 49. Kc5 h4 50. e6 hxg3 0-1

[Event "Hastings Masters"]
[Site "Hastings"]
[Date "2007.12.31"]
[Round "4.10"]
[White "Gurbanzade, Erkin"]
[Black "Mamedov, Nidjat"]
[Result "0-1"]
[WhiteElo "2179"]
[BlackElo "2565"]
[PlyCount "68"]
[EventDate "2007.12.28"]
[SourceDate "2007.12.28"]

1. e4 c5 2. Nf3 d6 3. d4 cxd4 4. Nxd4 Nf6 5. Nc3 Nc6 6. Bg5 e6 7. Qd2 Qb6 8.
O-O-O a6 9. Be2 Qxd4 10. Qxd4 Nxd4 11. Rxd4 Bd7 12. Rhd1 Bc6 13. f4 Be7 14. Bf3
h6 15. Bh4 g5 16. fxg5 Nd7 17. Bg3 hxg5 18. Nd5 Bxd5 19. exd5 e5 20. Rb4 f5 21.
Rxb7 e4 22. Be2 f4 23. Bf2 Rxh2 24. Rg1 Ne5 25. Rb4 e3 26. Be1 Kf7 27. Kd1 Rah8
28. Bxa6 Ra8 29. Ra4 f3 30. gxf3 e2+ 31. Kc1 Rxa6 32. Rxa6 Nxf3 33. Rg3 Nxe1
34. Re3 Nxc2 0-1

[Event "Hastings Masters"]
[Site "Hastings"]
[Date "2007.12.31"]
[Round "4.11"]
[White "Pavlovic, Milos"]
[Black "Kwiatkowski, Feliks J"]
[Result "1-0"]
[WhiteElo "2536"]
[BlackElo "2237"]
[PlyCount "63"]
[EventDate "2007.12.28"]
[SourceDate "2007.12.28"]

1. d4 Nf6 2. c4 e6 3. g3 Bb4+ 4. Bd2 Be7 5. Bg2 d5 6. Nf3 O-O 7. O-O c6 8. Bf4
dxc4 9. Ne5 Nd5 10. Nxc4 Nxf4 11. gxf4 Qc7 12. e3 b6 13. Qf3 Bb7 14. Ne5 f6 15.
Nd3 Nd7 16. Nc3 Rab8 17. Rfc1 a6 18. Qh3 f5 19. b4 Qd8 20. Ne2 Rc8 21. a3 Rc7
22. Rc2 Qa8 23. Rac1 Rfc8 24. d5 c5 25. dxe6 Bxg2 26. Qxg2 Qxg2+ 27. Kxg2 Nf8
28. Nd4 g6 29. bxc5 bxc5 30. Nb4 Ra8 31. Nd5 Rb7 32. Nc6 1-0

[Event "Hastings Masters"]
[Site "Hastings"]
[Date "2007.12.31"]
[Round "4.12"]
[White "Lalic, Bogdan"]
[Black "Grant, Alan"]
[Result "1-0"]
[WhiteElo "2500"]
[BlackElo "2251"]
[PlyCount "61"]
[EventDate "2007.12.28"]
[SourceDate "2007.12.28"]

1. d4 Nf6 2. Nf3 e6 3. g3 b5 4. Bg2 Bb7 5. O-O c5 6. Na3 Qb6 7. dxc5 Bxc5 8. b4
Bxb4 9. Rb1 Nc6 10. c3 Bxa3 11. Bxa3 d5 12. Qc1 h6 13. Qb2 a6 14. Nd2 Na5 15.
Qb4 Nc6 16. Nc4 Nxb4 17. Nxb6 Nc6 18. Nxa8 Bxa8 19. Rfd1 Na5 20. Bc5 Nd7 21.
Bd4 e5 22. Be3 Nf6 23. a4 Bc6 24. axb5 axb5 25. Bc5 Nb7 26. Bb4 e4 27. f3 exf3
28. Bxf3 Ne4 29. Bxe4 dxe4 30. Ra1 Nd8 31. Ra7 1-0

[Event "Hastings Masters"]
[Site "Hastings"]
[Date "2007.12.31"]
[Round "4.13"]
[White "Dickson, George A"]
[Black "Houska, Jovanka"]
[Result "0-1"]
[WhiteElo "2160"]
[BlackElo "2404"]
[PlyCount "48"]
[EventDate "2007.12.28"]
[SourceDate "2007.12.28"]

1. e4 c6 2. c4 d5 3. exd5 Nf6 4. Nc3 cxd5 5. cxd5 Nxd5 6. Nf3 e6 7. d4 Bb4 8.
Bd2 Nc6 9. Bd3 Be7 10. O-O O-O 11. Rc1 Nf6 12. Bg5 g6 13. Bh6 Re8 14. Bb5 Bd7
15. Ne5 Rc8 16. Re1 a6 17. Be2 Nb4 18. Bf3 b5 19. d5 Nbxd5 20. Nxd5 Nxd5 21.
Bxd5 Rxc1 22. Bxc1 exd5 23. Qf3 Bf6 24. Bg5 Qa5 0-1

[Event "Hastings Masters"]
[Site "Hastings"]
[Date "2007.12.31"]
[Round "4.14"]
[White "Sugden, John N"]
[Black "Collins, Sam"]
[Result "1/2-1/2"]
[WhiteElo "2116"]
[BlackElo "2401"]
[PlyCount "80"]
[EventDate "2007.12.28"]
[SourceDate "2007.12.28"]

1. e4 e5 2. Nf3 Nc6 3. Bb5 a6 4. Ba4 Nf6 5. O-O Nxe4 6. d4 b5 7. Bb3 d5 8. Nxe5
Nxe5 9. dxe5 c6 10. Nd2 Nxd2 11. Bxd2 Be7 12. a4 Bf5 13. c3 O-O 14. Bc2 Qd7 15.
Qb1 Bxc2 16. Qxc2 c5 17. Be3 Rfd8 18. axb5 axb5 19. Qd3 Rxa1 20. Rxa1 d4 21.
cxd4 cxd4 22. Bf4 g5 23. Bd2 Rc8 24. h3 h6 25. f4 gxf4 26. Bxf4 Rc6 27. Kh2 Rg6
28. Rd1 Qc6 29. Rd2 Bb4 30. Rf2 Qc4 31. Rf3 Bc5 32. Qe4 Kg7 33. b3 Qe6 34. Rg3
Rxg3 35. Bxg3 Qg6 36. Qd5 Ba7 37. Qxb5 d3 38. e6 d2 39. Qd7 Qxe6 40. Qxd2 Qxb3
1/2-1/2

[Event "Hastings Masters"]
[Site "Hastings"]
[Date "2007.12.31"]
[Round "4.15"]
[White "Kakkanas, Evangelos"]
[Black "Bates, Richard"]
[Result "0-1"]
[WhiteElo "2064"]
[BlackElo "2378"]
[PlyCount "118"]
[EventDate "2007.12.28"]
[SourceDate "2007.12.28"]

1. d4 Nf6 2. c4 g6 3. Nc3 Bg7 4. e4 d6 5. Nf3 O-O 6. Be2 Na6 7. O-O e5 8. Be3
Nd7 9. Qd2 c6 10. Bh6 Qe7 11. Bxg7 Kxg7 12. Rad1 Nf6 13. dxe5 dxe5 14. Qd6 Re8
15. Qxe7 Rxe7 16. Ne1 Nc5 17. f3 a5 18. Nd3 Nfd7 19. Nxc5 Nxc5 20. Rd6 Rd7 21.
Rfd1 Rxd6 22. Rxd6 Be6 23. Kf2 Kf8 24. Ke3 Ke7 25. Rd2 f6 26. g3 g5 27. Bf1 a4
28. Be2 Bf7 29. Rd1 Ra6 30. Rc1 Rb6 31. Nd1 Rb4 32. Kd2 g4 33. Kc3 Rb6 34. Ne3
Be6 35. Rb1 gxf3 36. Bxf3 Ra6 37. b4 axb3 38. axb3 Ra2 39. Nc2 Bf7 40. Re1 Bg6
41. b4 Na4+ 42. Kb3 Rb2+ 43. Kxa4 Rxc2 44. Be2 Bxe4 45. Ka5 Rb2 46. b5 cxb5 47.
cxb5 Rb1 48. Rxb1 Bxb1 49. Kb6 Be4 50. Kc7 f5 51. b6 f4 52. gxf4 exf4 53. Bf1
f3 54. Bh3 f2 55. Bf1 Bf3 56. Bh3 h5 57. Bf1 Ke6 58. Bh3+ Ke5 59. Bf1 Kd4 0-1

[Event "Hastings Masters"]
[Site "Hastings"]
[Date "2007.12.31"]
[Round "4.16"]
[White "Abu Sufian, Sakil"]
[Black "Mansson, James"]
[Result "1-0"]
[WhiteElo "2361"]
[BlackElo "2161"]
[PlyCount "43"]
[EventDate "2007.12.28"]
[SourceDate "2007.12.28"]

1. e4 c5 2. Nf3 d6 3. d4 cxd4 4. Nxd4 Nf6 5. Nc3 a6 6. Bg5 e6 7. f4 Qc7 8. Qf3
b5 9. f5 b4 10. Ncb5 axb5 11. fxe6 fxe6 12. Bxf6 gxf6 13. Qxf6 Qe7 14. Qxh8
Qh4+ 15. Kd1 Qxe4 16. Bxb5+ Bd7 17. Rf1 Qg4+ 18. Be2 Qg7 19. Bh5+ Ke7 20. Rf7+
Qxf7 21. Bxf7 Kxf7 22. Ke2 1-0

[Event "Hastings Masters"]
[Site "Hastings"]
[Date "2007.12.31"]
[Round "4.17"]
[White "Young, Mel"]
[Black "Radovanovic, Jovica"]
[Result "0-1"]
[WhiteElo "1954"]
[BlackElo "2355"]
[PlyCount "98"]
[EventDate "2007.12.28"]
[SourceDate "2007.12.28"]

1. e4 c5 2. Nc3 Nc6 3. f4 g6 4. Nf3 Bg7 5. Bc4 e6 6. f5 Nge7 7. fxe6 fxe6 8.
O-O O-O 9. d3 d5 10. Bb3 h6 11. Qe1 Nd4 12. Nxd4 Rxf1+ 13. Qxf1 cxd4 14. Nd1 a5
15. a4 Bd7 16. Nf2 Kh7 17. Bd2 Bc6 18. Qe2 Qd7 19. Qg4 b6 20. Re1 Re8 21. exd5
exd5 22. Qe6 Nf5 23. Qxe8 Qxe8 24. Rxe8 Bxe8 25. Nd1 Be5 26. g3 Kg7 27. Kf2 g5
28. Bxd5 Bxa4 29. b3 Bd7 30. Be4 Be6 31. Bxf5 Bxf5 32. Nb2 Bc7 33. Kf3 b5 34.
Be1 Kf6 35. Bf2 g4+ 36. Ke2 Ke5 37. Be1 Kd5 38. Bd2 h5 39. Bg5 Bd6 40. Bd2 Bc7
41. Bg5 Bd6 42. Bd8 Bb4 43. Bf6 Bd7 44. Nd1 a4 45. bxa4 bxa4 46. c4+ dxc3 47.
Nxc3+ Ke6 48. Bd4 Bc6 49. Ne4 Be7 0-1

[Event "Hastings Masters"]
[Site "Hastings"]
[Date "2007.12.31"]
[Round "4.18"]
[White "Zozulia, Anna"]
[Black "Zhou, Yang-Fan"]
[Result "1/2-1/2"]
[WhiteElo "2343"]
[BlackElo "2068"]
[PlyCount "100"]
[EventDate "2007.12.28"]
[SourceDate "2007.12.28"]

1. e4 c5 2. Nf3 d6 3. d4 Nf6 4. Nc3 cxd4 5. Nxd4 g6 6. Be2 Bg7 7. O-O O-O 8.
Bg5 Nc6 9. Nb3 a6 10. Re1 b5 11. Bf1 Re8 12. Qd2 Bb7 13. Nd5 Nxd5 14. exd5 Ne5
15. Na5 Qc7 16. Nxb7 Qxb7 17. Rad1 Rac8 18. c3 Nc4 19. Bxc4 Rxc4 20. Qd3 h6 21.
Bd2 Rec8 22. Qh3 Kh7 23. Bg5 R8c7 24. Rd3 b4 25. Bd2 bxc3 26. Bxc3 Bxc3 27.
bxc3 Qb2 28. Qf3 Kg7 29. h3 Rxc3 30. Rxc3 Rxc3 31. Qf4 Rc7 32. Qa4 Qc3 33. Re3
Qc4 34. Qxc4 Rxc4 35. Rxe7 Rc5 36. Ra7 a5 37. Kf1 Kf6 38. a4 Rxd5 39. Ke2 Ke6
40. Ke3 h5 41. h4 Re5+ 42. Kd3 f6 43. g3 Rf5 44. Ke3 Rc5 45. Kd3 g5 46. hxg5
fxg5 47. f3 Rf5 48. Ke3 g4 49. fxg4 hxg4 50. Ke4 Rc5 1/2-1/2

[Event "Hastings Masters"]
[Site "Hastings"]
[Date "2007.12.31"]
[Round "4.19"]
[White "Prosviriakov, Vladimir"]
[Black "Goodger, Martyn"]
[Result "1/2-1/2"]
[WhiteElo "2319"]
[BlackElo "2067"]
[PlyCount "85"]
[EventDate "2007.12.28"]
[SourceDate "2007.12.28"]

1. d4 f5 2. g3 Nf6 3. Bg2 e6 4. c4 Be7 5. Nc3 O-O 6. Nf3 d6 7. O-O Ne4 8. Qc2
Nxc3 9. Qxc3 a5 10. b3 Nc6 11. Bb2 Bf6 12. Rad1 Qe8 13. Qd2 e5 14. dxe5 dxe5
15. Ne1 Be6 16. Nd3 Rd8 17. Qc1 e4 18. Nf4 Bxb2 19. Qxb2 g5 20. Rxd8 Nxd8 21.
Nxe6 Nxe6 22. Qe5 Qd7 23. Qxa5 Nd4 24. Re1 b6 25. Qc3 c5 26. f3 Re8 27. fxe4
fxe4 28. Qe3 Qe7 29. Rf1 h6 30. Bh3 Kg7 31. Bf5 Ra8 32. a4 Re8 33. Kg2 Qe5 34.
Bg4 Rf8 35. Rxf8 Kxf8 36. h4 Kg7 37. h5 Nc2 38. Qd2 Nd4 39. Qc3 e3 40. Qd3 Kf8
41. Qg6 Ke7 42. Qh7+ Kf8 43. Kf1 1/2-1/2

[Event "Hastings Masters"]
[Site "Hastings"]
[Date "2007.12.31"]
[Round "4.20"]
[White "Franklin, Samuel"]
[Black "Marusenko, Petr"]
[Result "0-1"]
[WhiteElo "1917"]
[BlackElo "2304"]
[PlyCount "34"]
[EventDate "2007.12.28"]
[SourceDate "2007.12.28"]

1. e4 c6 2. d4 d5 3. exd5 cxd5 4. c4 Nf6 5. Nc3 Nc6 6. Nf3 Bg4 7. cxd5 Nxd5 8.
Qb3 Bxf3 9. gxf3 Nb6 10. Be3 e6 11. O-O-O Bb4 12. Bb5 Bxc3 13. bxc3 O-O 14.
Rhg1 Kh8 15. Bd3 Rc8 16. Qc2 Nb4 17. Qb3 Rxc3+ 0-1

[Event "Hastings Masters"]
[Site "Hastings"]
[Date "2007.12.31"]
[Round "4.21"]
[White "Hagesaether, Arne"]
[Black "Jackson, Oliver"]
[Result "0-1"]
[WhiteElo "2153"]
[BlackElo "2219"]
[PlyCount "148"]
[EventDate "2007.12.28"]
[SourceDate "2007.12.28"]

1. e4 c5 2. Nf3 e6 3. d4 cxd4 4. Nxd4 a6 5. Nc3 Qc7 6. g3 Bb4 7. Nde2 Be7 8.
Bg2 Nf6 9. O-O d6 10. b3 O-O 11. Bb2 Bd7 12. Qd2 Bc6 13. Nd4 Bd7 14. Nce2 Nc6
15. c4 Rad8 16. Rac1 Qb8 17. h3 Rfe8 18. Qe3 Bf8 19. Nxc6 Bxc6 20. Nd4 Bd7 21.
Qg5 h6 22. Qe3 Rc8 23. Rfd1 b5 24. cxb5 axb5 25. b4 e5 26. Nf5 d5 27. Rxc8 Bxc8
28. Qe1 dxe4 29. Ne3 Be6 30. a3 Rc8 31. Qd2 Bb3 32. Rc1 Rxc1+ 33. Qxc1 Be6 34.
Qc6 Bd7 35. Qc2 Bd6 36. Kh2 Qb7 37. Bc3 g6 38. Nf1 Qd5 39. Ne3 Qe6 40. Bb2 Kh7
41. Bc3 h5 42. Bb2 Qe8 43. Qd2 Bb8 44. Qc3 Bc6 45. Qc5 Qe6 46. Qc2 Ba7 47. Bxe5
Qxe5 48. Qxc6 Bxe3 49. fxe3 h4 50. Qc1 Nh5 51. Qf1 hxg3+ 52. Kg1 Nf6 53. Qf4
Qa1+ 54. Bf1 Kg7 55. Qxg3 Qxa3 56. Bxb5 Qxb4 57. Bf1 Qc3 58. Qg5 Nh5 59. Kf2
Qf6+ 60. Qxf6+ Kxf6 61. Bc4 Ke7 62. Be2 f5 63. Bxh5 gxh5 64. Kg3 Kf6 65. Kf4
Kg6 66. Kg3 Kg5 67. h4+ Kf6 68. Kf4 Ke6 69. Kg3 Ke5 70. Kf2 f4 71. exf4+ Kxf4
72. Ke2 Kg3 73. Ke3 Kxh4 74. Kxe4 Kg3 0-1

[Event "Hastings Masters"]
[Site "Hastings"]
[Date "2007.12.31"]
[Round "4.22"]
[White "Huizer, Mark"]
[Black "Greet, Andrew"]
[Result "0-1"]
[WhiteElo "2201"]
[BlackElo "2441"]
[PlyCount "127"]
[EventDate "2007.12.28"]
[SourceDate "2007.12.28"]

1. Nf3 Nf6 2. c4 e6 3. b3 c5 4. g3 a6 5. Bg2 b5 6. Bb2 Be7 7. O-O O-O 8. d3 Qb6
9. Qc2 Nc6 10. Nbd2 d5 11. e3 Rd8 12. a3 Rb8 13. Rab1 d4 14. exd4 cxd4 15. b4
Bb7 16. Rfe1 Rbc8 17. c5 Qc7 18. Nb3 Rd7 19. Nfxd4 Nxd4 20. Bxd4 Bxg2 21. Kxg2
Nd5 22. Be5 Qd8 23. Na5 Bxc5 24. Rbc1 Ne7 25. Qb2 Bd4 26. Rxc8 Nxc8 27. Bxd4
Rxd4 28. Rc1 Ne7 29. Nb7 Qd5+ 30. Kg1 Rxd3 31. Nc5 Rd2 32. Qc3 Rd1+ 33. Rxd1
Qxd1+ 34. Kg2 Qd6 35. Kf1 f6 36. Qf3 Nd5 37. Qe4 Nc7 38. Ke2 h6 39. Qb7 Qe5+
40. Kf1 Qd6 41. Ke2 f5 42. Ke1 a5 43. Ke2 Kh7 44. h4 axb4 45. axb4 Nd5 46. Kf1
Nxb4 47. Qxb5 Qd1+ 48. Kg2 Qd5+ 49. Kg1 Nc6 50. Qb6 Nd4 51. Qb4 Kg6 52. Na4
Ne2+ 53. Kf1 Qf3 54. Qd6 Kh7 55. Nc5 Nxg3+ 56. Qxg3 Qd1+ 57. Kg2 Qd5+ 58. Kh3
Qxc5 59. h5 Kg8 60. Qd3 Qd5 61. Qc3 Qh1+ 62. Kg3 Qxh5 63. Qc8+ Kh7 64. Qxe6 0-1

[Event "Hastings Masters"]
[Site "Hastings"]
[Date "2007.12.31"]
[Round "4.23"]
[White "Roy Chowdhury, Saptarshi"]
[Black "Heinis, Vincent"]
[Result "1-0"]
[WhiteElo "2418"]
[BlackElo "2202"]
[PlyCount "54"]
[EventDate "2007.12.28"]
[SourceDate "2007.12.28"]

1. e4 e6 2. b3 d5 3. Bb2 dxe4 4. Nc3 Nf6 5. Qe2 Nc6 6. O-O-O a5 7. Qe3 a4 8.
Nxa4 Bd6 9. Kb1 O-O 10. f3 e5 11. fxe4 Nd4 12. c3 b5 13. cxd4 bxa4 14. dxe5 Ng4
15. Qe1 Bb4 16. h3 axb3 17. hxg4 Bxg4 18. Nf3 Bxf3 19. gxf3 Rxa2 20. Qe3 Qa8
21. Qxb3 Ra3 22. Bxa3 Bxa3 23. Bb5 c6 24. e6 h6 25. exf7+ Kh7 26. Rdg1 Rb8 27.
Rh5 Qa7 1-0

[Event "Hastings Masters"]
[Site "Hastings"]
[Date "2007.12.31"]
[Round "4.24"]
[White "Satyapragyan, Swayangsu"]
[Black "Cafferty, Bernard"]
[Result "1-0"]
[WhiteElo "2404"]
[BlackElo "2192"]
[PlyCount "93"]
[EventDate "2007.12.28"]
[SourceDate "2007.12.28"]

1. e4 e6 2. d4 d5 3. Nd2 Nf6 4. e5 Nfd7 5. f4 c5 6. c3 Nc6 7. Ndf3 Qb6 8. h4
cxd4 9. cxd4 Bb4+ 10. Kf2 f6 11. Be3 fxe5 12. fxe5 O-O 13. Nh3 Be7 14. Qd2 Qb4
15. Qxb4 Nxb4 16. Bg5 Bxg5 17. hxg5 Nb6 18. a3 Nc6 19. Kg3 Bd7 20. Bd3 Na4 21.
b3 Nc3 22. Nf2 Ne4+ 23. Nxe4 dxe4 24. Bxe4 g6 25. Rac1 Rad8 26. Rhd1 Ne7 27.
Rc7 Nf5+ 28. Bxf5 Rxf5 29. Rxb7 Bc6 30. Rxa7 Bxf3 31. gxf3 Rxg5+ 32. Kf2 Rc8
33. Ke3 Rg2 34. d5 Rc3+ 35. Rd3 Rxd3+ 36. Kxd3 exd5 37. e6 Kf8 38. Rxh7 Rf2 39.
Rf7+ Ke8 40. a4 Rb2 41. Kc3 Re2 42. Rb7 Rxe6 43. a5 Rf6 44. b4 Rxf3+ 45. Kd4
Kd8 46. b5 Kc8 47. Rg7 1-0

[Event "Hastings Masters"]
[Site "Hastings"]
[Date "2007.12.31"]
[Round "4.25"]
[White "Lyell, Mark"]
[Black "Rendle, Thomas"]
[Result "0-1"]
[WhiteElo "2197"]
[BlackElo "2397"]
[PlyCount "124"]
[EventDate "2007.12.28"]
[SourceDate "2007.12.28"]

1. d4 f5 2. g3 Nf6 3. Bg2 g6 4. Nh3 d6 5. O-O Bg7 6. c3 Nc6 7. Qb3 e5 8. Ng5
Qe7 9. d5 Nd8 10. f4 e4 11. Na3 h6 12. Nh3 c5 13. Nc2 O-O 14. a4 Rb8 15. Nf2 a6
16. a5 Qc7 17. Ne3 b5 18. axb6 Rxb6 19. Qa2 Rb5 20. Nfd1 Qb7 21. Nc4 Nf7 22.
Na5 Qc7 23. c4 Rb6 24. b3 Bd7 25. Bb2 Rfb8 26. Bc3 Qd8 27. Qb2 Kh7 28. Ne3 Qh8
29. Ra3 Nd8 30. Rfa1 Ne8 31. Bxg7 Qxg7 32. Qxg7+ Kxg7 33. g4 Nc7 34. gxf5 gxf5
35. Kf2 Kf6 36. Bh3 Nb7 37. Nxb7 R8xb7 38. Rb1 Ne8 39. Nf1 Bc8 40. Nd2 Re7 41.
Ke3 Kf7 42. Rg1 Nf6 43. Nf1 Ng4+ 44. Bxg4 fxg4 45. Kf2 h5 46. Ne3 Reb7 47. Rb1
Kf6 48. Kg3 h4+ 49. Kf2 Kg6 50. Rg1 Rf7 51. f5+ Bxf5 52. Nxf5 Kxf5 53. Rga1
Ke5+ 54. Kg1 Rfb7 55. Rxa6 Rxa6 56. Rxa6 Rxb3 57. Ra8 e3 58. Re8+ Kd4 59. Kg2
Rb2 60. Rg8 Rxe2+ 61. Kg1 Re1+ 62. Kg2 h3+ 0-1

[Event "Hastings Masters"]
[Site "Hastings"]
[Date "2007.12.31"]
[Round "4.27"]
[White "Fryer, David"]
[Black "Islam, Kh Aminul"]
[Result "1/2-1/2"]
[WhiteElo "2065"]
[BlackElo "2390"]
[PlyCount "72"]
[EventDate "2007.12.28"]
[SourceDate "2007.12.28"]

1. e4 e5 2. Bc4 Nf6 3. d3 Nc6 4. Nc3 Bb4 5. Nge2 d5 6. exd5 Nxd5 7. O-O Be6 8.
Ne4 Be7 9. N2g3 O-O 10. Qh5 Nf4 11. Bxf4 exf4 12. Ne2 f3 13. Qxf3 Ne5 14. Qf4
Nxc4 15. dxc4 Bxc4 16. Rfd1 Qc8 17. Nd4 f5 18. Ng5 Bxg5 19. Qxg5 Rf6 20. Qf4
Bf7 21. Rd3 c6 22. Rad1 Bd5 23. f3 Qb8 24. Qxb8+ Rxb8 25. b3 Re8 26. c4 Bf7 27.
Kf2 f4 28. Ne2 g5 29. Rd7 Rfe6 30. Nd4 Re5 31. Rxb7 c5 32. Nb5 Re2+ 33. Kf1 Rc2
34. Rxf7 Ree2 35. Rxa7 Rf2+ 36. Kg1 Rxg2+ 1/2-1/2

[Event "Hastings Masters"]
[Site "Hastings"]
[Date "2007.12.31"]
[Round "4.28"]
[White "Bogner, Sebastian"]
[Black "Wilson, Alexandra"]
[Result "1-0"]
[WhiteElo "2383"]
[BlackElo "2061"]
[PlyCount "53"]
[EventDate "2007.12.28"]
[SourceDate "2007.12.28"]

1. Nf3 Nf6 2. c4 g6 3. Nc3 d5 4. cxd5 Nxd5 5. Qb3 Nb6 6. d4 Bg7 7. Bf4 O-O 8.
e3 Be6 9. Qc2 Nc6 10. Be2 Nb4 11. Qc1 N4d5 12. Bg3 c5 13. Ne4 cxd4 14. exd4 Bg4
15. Qd1 Rc8 16. O-O Nc4 17. Qb3 Bxf3 18. Bxf3 Bxd4 19. Rad1 e5 20. Qxb7 Ncb6
21. Nc3 Rc7 22. Qa6 Rd7 23. Nb5 Bxb2 24. Nxa7 f5 25. Bxd5+ Nxd5 26. Qe6+ Rff7
27. Nc6 1-0

[Event "Hastings Masters"]
[Site "Hastings"]
[Date "2007.12.31"]
[Round "4.29"]
[White "Dinger, Florian"]
[Black "Coates, David H"]
[Result "1-0"]
[WhiteElo "2378"]
[BlackElo "2029"]
[PlyCount "105"]
[EventDate "2007.12.28"]
[SourceDate "2007.12.28"]

1. e4 c5 2. Nf3 d6 3. d4 cxd4 4. Nxd4 Nf6 5. Nc3 a6 6. Bc4 e6 7. Bb3 b5 8. Qf3
Qc7 9. Bg5 Be7 10. O-O-O O-O 11. a3 Nbd7 12. Qg3 Nc5 13. Rhe1 Bb7 14. Bxf6 Bxf6
15. Kb1 Nxb3 16. Nxb3 Rfd8 17. Re3 Rac8 18. Rd2 g6 19. Red3 Be5 20. f4 Bg7 21.
f5 Be5 22. Qg4 exf5 23. exf5 Qe7 24. fxg6 hxg6 25. Nd5 Bxd5 26. Rxd5 Rc4 27.
Nd4 Qf6 28. Qf3 Qg7 29. c3 Qh6 30. Rf2 Rc7 31. g3 Qg7 32. Rd2 Rdc8 33. Rd3 Rc4
34. h4 R4c5 35. Ne2 Rc4 36. Ka2 Rb8 37. Nd4 Rbc8 38. h5 Qh6 39. hxg6 fxg6 40.
Qg4 Qg7 41. Rf3 Re8 42. Rf2 Re7 43. Kb1 Qh7 44. Kc2 Qg7 45. Kd3 Qh7 46. b3 Bxd4
47. cxd4 Rc6 48. Rg5 d5 49. Rxd5 Rce6 50. Rd8+ Kg7 51. Kc3 a5 52. Qf4 Rc6+ 53.
Kb2 1-0

[Event "Hastings Masters"]
[Site "Hastings"]
[Date "2007.12.31"]
[Round "4.31"]
[White "Auckland, Elliott"]
[Black "Afek, Yochanan"]
[Result "0-1"]
[WhiteElo "1910"]
[BlackElo "2349"]
[PlyCount "58"]
[EventDate "2007.12.28"]
[SourceDate "2007.12.28"]

1. d4 Nf6 2. c4 g6 3. Nc3 Bg7 4. e4 O-O 5. f3 c5 6. d5 d6 7. Bg5 h6 8. Be3 e6
9. Qd2 exd5 10. cxd5 Re8 11. Be2 Na6 12. a3 h5 13. Rb1 Nc7 14. b4 b6 15. b5 a6
16. a4 axb5 17. Nxb5 Nxb5 18. Bxb5 Bd7 19. Ne2 Bxb5 20. axb5 Ra3 21. Bg5 Qa8
22. Rc1 Qa4 23. Nc3 Nxe4 24. Nxe4 f5 25. O-O fxe4 26. Rfe1 Ra2 27. Qf4 Be5 28.
Qh4 exf3 29. Qxa4 f2+ 0-1

[Event "Hastings Masters"]
[Site "Hastings"]
[Date "2007.12.31"]
[Round "4.32"]
[White "Formanek, Edward W"]
[Black "Andersen, Daniel"]
[Result "1-0"]
[WhiteElo "2276"]
[BlackElo "2013"]
[PlyCount "93"]
[EventDate "2007.12.28"]
[SourceDate "2007.12.28"]

1. e4 e6 2. d4 d5 3. Nd2 c5 4. Ngf3 cxd4 5. exd5 Qxd5 6. Bc4 Qd6 7. O-O Nf6 8.
Nb3 Nc6 9. Nbxd4 Nxd4 10. Nxd4 Bd7 11. c3 Qc7 12. Qe2 Bd6 13. h3 a6 14. Nf5
Bh2+ 15. Kh1 O-O-O 16. Ng3 Bxg3 17. fxg3 Rde8 18. Bf4 e5 19. Bg5 Be6 20. Bxe6+
Rxe6 21. Bxf6 gxf6 22. Qg4 Kb8 23. Qg7 Rhe8 24. Rxf6 Rxf6 25. Qxf6 Re6 26. Qf5
Qe7 27. Qe4 Qg5 28. Rf1 f6 29. g4 Qg6 30. Qxg6 hxg6 31. h4 Kc7 32. h5 gxh5 33.
gxh5 Kd6 34. g4 Ke7 35. Kg2 Rd6 36. h6 Rd8 37. g5 Rg8 38. Rf5 fxg5 39. Rxe5+
Kd6 40. Re1 Rh8 41. Rh1 Ke5 42. Kg3 Kf5 43. h7 g4 44. Rh4 Kg6 45. Kxg4 Rxh7 46.
Rxh7 Kxh7 47. Kf5 1-0